[Event "Sparkassen Open A"]
[Site "Dortmund GER"]
[Date "2010.07.21"]
[Round "5"]
[White "Lienau,H"]
[Black "Kubo,T"]
[Result "0-1"]
[WhiteElo "1763"]
[BlackElo "1992"]
[EventDate "2010.07.17"]

1. e4 c6 2. d4 d5 3. Nc3 dxe4 4. Nxe4 Bf5 5. Ng3 Bg6 6. Bc4 e6 7. N1e2 Bd6
8. O-O Qc7 9. f4 Ne7 10. Nc3 Nd7 11. Nce4 O-O 12. Nxd6 Qxd6 13. c3 Rfd8 14.
Kh1 b5 15. Bb3 c5 16. dxc5 Nxc5 17. Qxd6 Rxd6 18. Bd1 Nd3 19. Bf3 Rad8 20.
Ne4 Bxe4 21. Bxe4 Nf2+ 0-1

[Event "Sparkassen Open A"]
[Site "Dortmund GER"]
[Date "2010.07.21"]
[Round "5"]
[White "Hecht,C"]
[Black "Sieberg,R"]
[Result "1-0"]
[WhiteElo "1773"]
[BlackElo "1951"]
[EventDate "2010.07.17"]

1. e4 e5 2. Nf3 Nc6 3. Bc4 Nf6 4. d3 Be7 5. c3 d6 6. O-O O-O 7. h3 Na5 8.
Bb5 Bd7 9. Bxd7 Qxd7 10. Re1 c5 11. Nbd2 Nc6 12. Nf1 h6 13. Ng3 Nh7 14. Nf5
Bf6 15. Nh2 Ne7 16. Ng3 Bg5 17. d4 Bxc1 18. Rxc1 cxd4 19. cxd4 Rfd8 20. Ng4
Nc6 21. Nf5 f6 22. Nge3 Ne7 23. Nxe7+ Qxe7 24. Nd5 Qf7 25. Qb3 Kh8 26. Rc7
Rd7 27. Qxb7 Rad8 28. Rec1 Ng5 29. f3 Rxc7 30. Rxc7 Qg6 31. Kh2 f5 32. Rc8
Rxc8 33. Qxc8+ Kh7 34. Ne7 Qf7 35. Qxf5+ Qxf5 36. Nxf5 exd4 37. Nxd4 Nf7
38. Kg3 Kg6 39. b4 Kf6 40. a4 a6 41. b5 axb5 42. Nxb5 Ke7 43. a5 Ne5 44. a6
Nd7 45. a7 Nb6 46. Nc7 Kd7 47. a8=Q Nxa8 48. Nxa8 Kc6 49. Kf4 Kb7 50. Kf5
Kxa8 51. Ke6 d5 52. exd5 Kb7 53. Ke7 1-0

[Event "Sparkassen Open A"]
[Site "Dortmund GER"]
[Date "2010.07.21"]
[Round "5"]
[White "Butschek,M"]
[Black "Glahn,Michael"]
[Result "0-1"]
[WhiteElo "1891"]
[BlackElo "1826"]
[EventDate "2010.07.17"]

1. e4 Nf6 2. e5 Nd5 3. c4 Nb6 4. d4 d6 5. exd6 exd6 6. Nf3 Nc6 7. Be3 Bg4
8. Nc3 Be7 9. Bd3 O-O 10. h4 d5 11. Bxh7+ Kh8 12. Bd3 Nxc4 13. Bxc4 dxc4
14. Qd2 Bxf3 15. gxf3 Nb4 16. O-O-O Nd5 17. Rdg1 Nxe3 18. fxe3 c6 19. Qc2
b5 20. Rg5 f5 21. Rxf5 Rxf5 22. Qxf5 Qd6 23. Ne4 Qh6 24. f4 Rf8 25. Qd7 Bd8
26. Nd6 Qg6 27. h5 Qg2 28. Rd1 c3 29. bxc3 Qxa2 30. Qxc6 Be7 31. Nxb5 Rb8
32. h6 Ba3+ 33. Nxa3 Qb2+ 0-1

[Event "Sparkassen Open A"]
[Site "Dortmund GER"]
[Date "2010.07.22"]
[Round "6"]
[White "Henrichs,T"]
[Black "Nalbandian,T"]
[Result "1/2-1/2"]
[WhiteElo "2490"]
[BlackElo "2453"]
[EventDate "2010.07.17"]

1. d4 d5 2. c4 c6 3. Nf3 Nf6 4. Nc3 e6 5. Bg5 Be7 6. e3 O-O 7. Rc1 Re8 8.
Bd3 Nbd7 9. O-O dxc4 10. Bxc4 Nd5 11. Bf4 Nxf4 12. exf4 Nb6 13. Bb3 Nd5 14.
g3 Nxc3 15. Rxc3 Qd6 16. Qc2 Bd7 17. Ne5 Rad8 18. Rd1 Bc8 19. h4 Bf6 20.
Qe4 g6 21. h5 Bg7 22. hxg6 hxg6 23. g4 Qe7 24. Kg2 1/2-1/2

[Event "Sparkassen Open A"]
[Site "Dortmund GER"]
[Date "2010.07.22"]
[Round "6"]
[White "Bach,Mat"]
[Black "Zaitsev,Mikhail V"]
[Result "0-1"]
[WhiteElo "2303"]
[BlackElo "2507"]
[EventDate "2010.07.17"]

1. e4 e5 2. f4 exf4 3. Nf3 Ne7 4. d4 d5 5. e5 Ng6 6. Bd3 Be7 7. O-O O-O 8.
Nc3 c5 9. Ne2 cxd4 10. Nxf4 Nc6 11. h3 Be6 12. Qe2 Rc8 13. a3 Qd7 14. b4 a6
15. Bd2 Nxf4 16. Bxf4 Bf5 17. Rf2 Bg6 18. Kh1 Qe6 19. Re1 b5 20. Bh2 Bd8
21. Qd2 Bxd3 22. cxd3 a5 23. Qb2 axb4 24. axb4 Ra8 25. Rc2 Ra4 26. Rc5 Nxb4
27. Qb3 Qb6 28. Rec1 Na2 29. R1c2 Nc3 30. Rc8 Qb7 31. Rxd8 Rxd8 32. Bg1 Ra1
33. Kh2 Rb1 34. Rb2 Rxb2 35. Qxb2 b4 36. Bxd4 Na4 37. Qb3 Qb5 38. e6 fxe6
39. Ng5 Nc5 40. Qd1 h6 41. Bxg7 Kxg7 42. Qg4 Qb8+ 0-1

[Event "Sparkassen Open A"]
[Site "Dortmund GER"]
[Date "2010.07.22"]
[Round "6"]
[White "Thanabalasingam,A"]
[Black "Cherniaev,A1"]
[Result "0-1"]
[WhiteElo "1940"]
[BlackElo "2469"]
[EventDate "2010.07.17"]

1. e4 c5 2. Nf3 a6 3. c4 e6 4. Nc3 Qc7 5. d4 cxd4 6. Nxd4 Nf6 7. Be2 Bb4 8.
f3 Bxc3+ 9. bxc3 d6 10. Ba3 Nbd7 11. Nb3 Ke7 12. Qd4 e5 13. Qe3 b6 14. Rd1
Nc5 15. O-O Be6 16. f4 Rac8 17. fxe5 dxe5 18. Qg5 Rhg8 19. Nd2 h6 20. Qh4
Rgd8 21. Nb3 Rxd1 22. Rxd1 Qc6 23. Bd3 Qa4 24. Bxc5+ bxc5 25. Qf2 Bxc4 26.
Bxc4 Qxc4 27. Qg3 Qe6 28. Qxg7 c4 29. Nc1 Nxe4 0-1

[Event "Sparkassen Open A"]
[Site "Dortmund GER"]
[Date "2010.07.22"]
[Round "6"]
[White "Harff,M"]
[Black "Carlstedt,J"]
[Result "0-1"]
[WhiteElo "2168"]
[BlackElo "2379"]
[EventDate "2010.07.17"]

1. e4 c5 2. c4 Nc6 3. Nc3 g6 4. g3 Bg7 5. Bg2 e6 6. f4 d6 7. Nge2 Nge7 8.
O-O O-O 9. d3 Nd4 10. Rb1 Nec6 11. a3 Rb8 12. b4 cxb4 13. axb4 b5 14. Be3
Qc7 15. Nxd4 Nxd4 16. Nxb5 Nxb5 17. cxb5 Rxb5 18. Qa4 a6 19. Rfc1 Qb8 20.
e5 Bb7 21. Bxb7 Qxb7 22. exd6 Rd8 23. Rc5 Rxd6 24. Rxb5 axb5 25. Qc2 Qd5
26. Rc1 h5 27. Kf2 h4 28. gxh4 Bf6 0-1

[Event "Sparkassen Open A"]
[Site "Dortmund GER"]
[Date "2010.07.22"]
[Round "6"]
[White "Steinle,C"]
[Black "Savchenko,Alek"]
[Result "1/2-1/2"]
[WhiteElo "2151"]
[BlackElo "2275"]
[EventDate "2010.07.17"]

1. d4 Nf6 2. Nf3 d5 3. e3 g6 4. Be2 Bg7 5. O-O O-O 6. Nbd2 c5 7. c3 Nc6 8.
Ne5 Nxe5 9. dxe5 Ne4 10. f4 Bf5 11. Bf3 Qc8 12. Qa4 Nxd2 13. Bxd2 Rd8 14.
Be1 Bd3 15. Rf2 f6 16. Rd2 c4 17. Qb5 a6 18. Qb4 Qc7 19. Bh4 Kf7 20. exf6
exf6 21. Qa4 Qb6 22. Bf2 Qe6 23. Qd1 f5 24. Be2 Bxe2 25. Qxe2 Qe4 26. Rad1
b5 27. Qf3 Ke6 28. Qh3 h6 29. Qg3 Bf6 30. Qh3 Rd7 31. Kf1 Rh8 32. Bh4 g5
33. Bg3 a5 34. a3 b4 35. axb4 axb4 36. cxb4 c3 37. bxc3 Bxc3 38. Rd3 Bf6
39. Be1 gxf4 40. exf4 Qxf4+ 41. Kg1 h5 42. Bf2 Qxb4 43. Re3+ Kf7 44. Qxf5
Qg4 45. Rf3 Qxf5 46. Rxf5 Rh6 47. Be3 Rg6 48. Rxh5 Ke6 49. Rh6 Rxh6 50.
Bxh6 Kf5 51. h3 d4 52. Rf1+ Kg6 53. Bd2 Ra7 54. Kf2 Ra3 55. Rd1 Bh4+ 56.
Ke2 Rg3 57. Kf1 Rd3 58. Ke2 Rg3 59. Rg1 Ra3 60. Bf4 Kf5 61. Bd6 Re3+ 62.
Kd2 Bg5 63. Kd1 Ke4 64. Re1 Kd3 65. g3 Rxe1+ 66. Kxe1 Kc2 67. h4 d3 68. Bb4
1/2-1/2

[Event "Sparkassen Open A"]
[Site "Dortmund GER"]
[Date "2010.07.22"]
[Round "6"]
[White "Kartsev,A2"]
[Black "Bouaraba,M"]
[Result "1/2-1/2"]
[WhiteElo "2145"]
[BlackElo "2224"]
[EventDate "2010.07.17"]

1. d4 f5 2. e4 fxe4 3. Nc3 Nf6 4. Bg5 e6 5. Bxf6 Qxf6 6. Nxe4 Qe7 7. Bd3 d5
8. Nd2 Nc6 9. Qh5+ Qf7 10. Qxf7+ Kxf7 11. Ngf3 Bd6 12. c3 e5 13. dxe5 Nxe5
14. Nxe5+ Bxe5 15. O-O Bd7 16. f4 Bf6 17. Nf3 Rhe8 1/2-1/2

[Event "Sparkassen Open A"]
[Site "Dortmund GER"]
[Date "2010.07.22"]
[Round "6"]
[White "Chilla,J"]
[Black "Frombach,R"]
[Result "1/2-1/2"]
[WhiteElo "2143"]
[BlackElo "2224"]
[EventDate "2010.07.17"]

1. d4 Nf6 2. Nf3 c5 3. e3 g6 4. c4 Bg7 5. Nc3 O-O 6. Be2 cxd4 7. exd4 d5 8.
O-O Nc6 9. Be3 Bg4 10. Rc1 dxc4 11. Bxc4 Rc8 12. Be2 Nd5 13. Ne4 Qb6 14.
Qd2 Bxf3 15. Bxf3 Bxd4 16. Rxc6 Bxe3 17. Rxb6 Bxd2 18. Rxb7 Bc1 19. Rd1 e6
20. Nd6 Rc2 21. Rxa7 Bxb2 22. g3 Nc3 23. Rf1 Ne2+ 24. Kg2 Be5 25. Ne4 Nd4
26. Rd1 Rb8 27. Rd2 Rxd2 28. Nxd2 Rb2 29. Nc4 Rb5 30. a4 Rc5 31. Nxe5 Rxe5
32. a5 Nxf3 33. Kxf3 h5 34. a6 1/2-1/2

[Event "Sparkassen Open A"]
[Site "Dortmund GER"]
[Date "2010.07.22"]
[Round "6"]
[White "Mazarov,J"]
[Black "Busche,K"]
[Result "1/2-1/2"]
[WhiteElo "2167"]
[BlackElo "2071"]
[EventDate "2010.07.17"]

1. e4 d5 2. exd5 Nf6 3. d4 Bg4 4. Bb5+ Nbd7 5. f3 Bf5 6. c4 e6 7. dxe6 Bxe6
8. d5 Bf5 9. Nc3 Bc5 10. Qe2+ Kf8 11. Be3 Qe7 12. Bxc5 Nxc5 13. Qxe7+ Kxe7
14. g4 Bg6 15. Nh3 Nd3+ 16. Kf1 a6 17. Ba4 Nxb2 18. g5 Nd7 19. Bb3 Bd3+ 20.
Kg2 Nxc4 21. Rhe1+ Kd8 22. Rad1 Nc5 23. Nf2 Re8 24. Rxe8+ Kxe8 25. Kg3 Nb2
26. Rd2 Nc4 27. Nxd3 Nxd2 28. Nxc5 Nxb3 29. axb3 b6 30. Nd3 Ke7 31. Kf4 Kd6
32. Ke4 Re8+ 33. Kd4 f6 34. Ne4+ Ke7 35. Nb4 fxg5 36. Nxa6 Kd7 37. Nxg5 Re2
38. Nxh7 Rxh2 39. Ng5 Rd2+ 40. Ke5 Re2+ 41. Ne4 Re3 42. f4 Kc8 43. Nb4 Rxb3
44. Nc6 Rb1 45. Ne7+ Kd8 46. Nf5 Rg1 47. Ng5 Re1+ 48. Kd4 Rd1+ 49. Ke4 Re1+
50. Kf3 Rd1 51. Ne3 Rg1 52. Kf2 Ra1 53. Ne6+ Kd7 54. Nxg7 c6 55. dxc6+ Kxc6
56. f5 Ra8 57. Ne6 Kd6 58. Nc4+ Ke7 1/2-1/2

[Event "Sparkassen Open A"]
[Site "Dortmund GER"]
[Date "2010.07.22"]
[Round "6"]
[White "Quast,M"]
[Black "Neuer,T"]
[Result "1/2-1/2"]
[WhiteElo "2146"]
[BlackElo "2090"]
[EventDate "2010.07.17"]

1. e4 c5 2. d4 cxd4 3. c3 g6 4. Nf3 Bg7 5. cxd4 d5 6. exd5 Nf6 7. Bb5+ Nbd7
8. Nc3 O-O 9. Bxd7 Qxd7 10. Ne5 Qd6 11. Nc4 Qb4 12. Ne3 Ne4 13. Nc2 Nxc3
14. Qd2 Qa5 15. Ne3 Rd8 16. bxc3 e5 17. dxe6 Bxe6 18. O-O Rac8 19. Nd1 Bb3
20. Rb1 Bxd1 21. Rxd1 Qxc3 22. Qxc3 Rxc3 23. Rxb7 Bxd4 24. Kf1 Rcc8 25. Bg5
f6 26. Bh6 Bb6 27. Rg7+ Kh8 28. Rdd7 Rxd7 29. Rxd7 Kg8 30. h4 Rc7 31. Rxc7
1/2-1/2

[Event "Sparkassen Open A"]
[Site "Dortmund GER"]
[Date "2010.07.22"]
[Round "6"]
[White "Krueger,An"]
[Black "Wittenberg,A"]
[Result "0-1"]
[WhiteElo "2061"]
[BlackElo "2143"]
[EventDate "2010.07.17"]

1. e3 d5 2. f4 Nf6 3. Nf3 Bg4 4. Be2 Nbd7 5. Ne5 Bxe2 6. Qxe2 e6 7. b3 Nxe5
8. fxe5 Nd7 9. Bb2 Qh4+ 10. Qf2 Qxf2+ 11. Kxf2 g6 12. d4 Bh6 13. Nd2 f6 14.
exf6 Nxf6 15. h3 O-O 16. Ke2 Bg5 17. g4 Bh4 18. Ba3 Rf7 19. Rhf1 Rd8 20.
Rf3 Rdd7 21. Rg1 h6 22. Rff1 Ne4 23. Nxe4 dxe4 24. c4 c6 25. Bb4 b5 26.
Rxf7 Rxf7 27. Rf1 bxc4 28. Rxf7 Kxf7 29. bxc4 Kf6 30. Bd6 h5 31. Be5+ Ke7
32. gxh5 gxh5 33. Bb8 a6 34. Bf4 Kd7 35. Kd2 Bf6 36. Kc2 c5 37. dxc5 e5 38.
Bh6 Be7 39. Kb3 Bxc5 40. Ka4 Bb6 41. c5 Bd8 42. Bg7 Bg5 43. Bxe5 Bxe3 44.
Kb4 Kc6 45. Bd6 Kd5 46. Be7 Bf2 47. c6 Kxc6 48. Kc4 Kd7 49. Bg5 Ke6 50. Kc3
Kf5 51. Bh6 Bg3 52. Kd4 Bf4 53. Bf8 Bc7 54. Ke3 Bb6+ 55. Ke2 Bd4 56. Bh6
Ke5 57. Kd2 Kd5 58. Kc2 Kc4 59. Kd2 Bc5 60. Bg7 Bd4 61. Bh6 Kb4 62. Bf8+
Bc5 63. a3+ Kc4 64. Bh6 Bxa3 0-1

[Event "Sparkassen Open A"]
[Site "Dortmund GER"]
[Date "2010.07.22"]
[Round "6"]
[White "Kuznetsov,Mar"]
[Black "Roehrich,S"]
[Result "1-0"]
[WhiteElo "2085"]
[BlackElo "2142"]
[EventDate "2010.07.17"]

1. e4 c5 2. Nf3 d6 3. Bc4 e6 4. O-O Nf6 5. Re1 a6 6. a4 Be7 7. d4 cxd4 8.
Nxd4 Qc7 9. Bd3 b6 10. Qf3 Bb7 11. Qg3 O-O 12. Bh6 Ne8 13. Nd2 Nd7 14. c3
Qc5 15. Be3 Qh5 16. f4 Qg6 17. Qh3 Nc5 18. f5 Qf6 19. Bc2 Qh4 20. Qxh4 Bxh4
21. g3 Bf6 22. b4 Nd7 23. fxe6 fxe6 24. Nxe6 Bxc3 25. Nxf8 Kxf8 26. Rab1
Ne5 27. Rf1+ Ke7 28. Bb3 Nf6 29. Nc4 Nxc4 30. Bxc4 Bxe4 31. Rb3 Be5 32.
Bxb6 Rc8 33. Bd3 Bd5 34. Rbb1 Rc6 35. Bf2 Ng4 36. Rfc1 Nxf2 37. Kxf2 Rb6
38. b5 a5 39. Rc7+ Kf6 40. Ke3 h6 41. h4 Bxg3 42. Kd4 Bg2 43. Rc2 Bb7 44.
Rf1+ Ke6 45. Bf5+ Kf6 46. Bc8+ Kg6 47. Rg1 1-0

[Event "Sparkassen Open A"]
[Site "Dortmund GER"]
[Date "2010.07.22"]
[Round "6"]
[White "Krueger,Er"]
[Black "Butschek,T"]
[Result "0-1"]
[WhiteElo "2255"]
[BlackElo "2040"]
[EventDate "2010.07.17"]

1. d4 f5 2. Nf3 Nf6 3. g3 g6 4. Bg2 Bg7 5. c4 d6 6. O-O O-O 7. Nc3 Qe8 8.
d5 Na6 9. Rb1 Nc5 10. b4 Nce4 11. Nb5 Qd8 12. Nfd4 a6 13. f3 axb5 14. fxe4
Nxe4 15. Bxe4 fxe4 16. Rxf8+ Qxf8 17. Nxb5 Bh3 18. Be3 Rxa2 19. Nxc7 Bh6
20. Qd4 Rxe2 21. Bxh6 Qxh6 22. Ra1 Bc8 23. h4 Qf8 24. Rf1 Qg7 25. Qxg7+
Kxg7 26. Ne6+ Bxe6 27. dxe6 Rc2 28. Rf7+ Kg8 29. Rxe7 Rxc4 30. Rxb7 Kf8 31.
Kf2 d5 32. Ke3 Ke8 33. Kf4 Rc6 34. Ke5 e3 35. Rb8+ Ke7 36. Rb7+ Kd8 37. Ra7
e2 38. Ra8+ Kc7 39. Ra1 d4 40. Kxd4 Rd6+ 41. Kc5 Rd1 42. e7 Kd7 0-1

[Event "Sparkassen Open A"]
[Site "Dortmund GER"]
[Date "2010.07.22"]
[Round "6"]
[White "Weber,Martin"]
[Black "Wiebe,P"]
[Result "1-0"]
[WhiteElo "2031"]
[BlackElo "2248"]
[EventDate "2010.07.17"]

1. d4 d5 2. Bg5 c6 3. e3 Bf5 4. Nf3 Nd7 5. c4 Bxb1 6. Qxb1 Ngf6 7. a3 e6 8.
b4 Bd6 9. Be2 h6 10. Bxf6 Qxf6 11. O-O O-O 12. c5 Bc7 13. b5 Rab8 14. Qc2
e5 15. Qa4 a6 16. bxa6 bxa6 17. Rab1 a5 18. Ba6 exd4 19. exd4 Rxb1 20. Rxb1
Rb8 21. Rxb8+ Nxb8 22. Bd3 g5 23. Qd1 Nd7 24. Ne1 Nf8 25. Nc2 Ne6 26. g3
Kg7 27. Be2 Kf8 28. Bg4 Qg6 29. Bh5 Qe4 30. Bf3 Qg6 31. Bh5 Qe4 32. Bf3 Qh7
33. Ne3 Kg8 34. Bg4 Ng7 35. Bd7 Qg6 36. Qc2 Qf6 37. Ng4 Qxd4 38. Nxh6+ Kf8
39. Qh7 Ke7 40. Bxc6 Kf6 41. Qxg7+ 1-0

[Event "Sparkassen Open A"]
[Site "Dortmund GER"]
[Date "2010.07.22"]
[Round "6"]
[White "Guennigmann,M"]
[Black "Wickenfeld,S"]
[Result "1/2-1/2"]
[WhiteElo "2234"]
[BlackElo "1974"]
[EventDate "2010.07.17"]

1. e4 c5 2. Nf3 d6 3. d4 cxd4 4. Nxd4 Nf6 5. Nc3 a6 6. h3 b5 7. g4 Bb7 8.
Bg2 h6 9. O-O Nbd7 10. Re1 e5 11. Nf5 Nc5 12. b4 Ne6 13. Nd5 Nd7 14. a4
bxa4 15. Rxa4 Nb6 16. Nxb6 Qxb6 17. c4 Bc6 18. Ra1 Rd8 19. Bd2 Qb7 20. Rb1
g6 21. Ne3 Be7 22. Nd5 Bg5 23. Be3 Bxe3 24. fxe3 Bxd5 25. exd5 Nc7 26. c5
O-O 27. c6 Qb6 28. Qd3 Kg7 29. Kh1 Qb5 30. Qxb5 axb5 31. Ra1 Ra8 32. Ra5
Rxa5 33. bxa5 Ra8 34. Ra1 f5 35. gxf5 gxf5 36. e4 Kf6 37. Kg1 fxe4 38. Bxe4
Kg5 39. Kf2 Kf4 40. Bh1 e4 41. Rg1 Rxa5 42. Rg4+ Kf5 43. Bxe4+ Ke5 44. Bf3
Ra4 45. Rg8 Kd4 46. Rb8 Rc4 47. Rb7 Nxd5 48. Rxb5 Ne7 49. Rb6 1/2-1/2

[Event "Sparkassen Open A"]
[Site "Dortmund GER"]
[Date "2010.07.22"]
[Round "6"]
[White "Barskij,A"]
[Black "Boehm,Ju2"]
[Result "0-1"]
[WhiteElo "2000"]
[BlackElo "2214"]
[EventDate "2010.07.17"]

1. e4 e6 2. d4 d5 3. Nc3 Bb4 4. e5 c5 5. a3 Bxc3+ 6. bxc3 Ne7 7. Nf3 Nbc6
8. a4 Qa5 9. Bd2 Bd7 10. Bb5 a6 11. Be2 f6 12. c4 Qc7 13. cxd5 Nxd5 14. c4
Nde7 15. exf6 gxf6 16. dxc5 O-O-O 17. Qb3 Rhg8 18. O-O e5 19. Rfb1 Bg4 20.
Rb2 Rd7 21. Qe3 Nf5 22. Qe4 Bh3 23. g3 Rg4 24. Qb1 h5 25. Ne1 Rg8 26. Bd3
Nfd4 27. Be3 f5 28. Bxd4 Nxd4 29. Bf1 Bxf1 30. Kxf1 h4 31. Qd3 Qc6 32. Kg1
hxg3 33. fxg3 f4 34. Rf2 e4 35. Qa3 e3 36. Rxf4 Ne2+ 37. Kf1 Nxf4 38. gxf4
Rd2 0-1

[Event "Sparkassen Open A"]
[Site "Dortmund GER"]
[Date "2010.07.22"]
[Round "6"]
[White "Kelm,M"]
[Black "Franke,T"]
[Result "1/2-1/2"]
[WhiteElo "1951"]
[BlackElo "2198"]
[EventDate "2010.07.17"]

1. Nf3 c5 2. b3 Nc6 3. Bb2 Nf6 4. e3 a6 5. c4 e6 6. d4 cxd4 7. exd4 d5 8.
Nbd2 Be7 9. Be2 dxc4 10. bxc4 O-O 11. O-O Rb8 12. Rc1 b6 13. Qc2 Bb7 14.
Rfd1 Nb4 15. Qb1 a5 16. Ne5 Qc8 17. Bf3 Bxf3 18. Ndxf3 Qb7 19. a3 Na6 20.
Qd3 Rbd8 21. Qb3 Rb8 22. Qb5 Nc7 23. Qc6 Rfe8 24. Rd3 h6 25. Rcd1 Bf8 26.
d5 exd5 27. cxd5 Nfxd5 28. Rxd5 Nxd5 29. Qxd5 Qxd5 30. Rxd5 1/2-1/2

[Event "Sparkassen Open A"]
[Site "Dortmund GER"]
[Date "2010.07.22"]
[Round "6"]
[White "Kahleys,K"]
[Black "Pilat,F"]
[Result "1-0"]
[WhiteElo "2071"]
[BlackElo "1944"]
[EventDate "2010.07.17"]

1. d4 d5 2. c4 e6 3. g3 Nf6 4. Nf3 Be7 5. Bg2 O-O 6. O-O dxc4 7. Qc2 a6 8.
a4 Bd7 9. Qxc4 Bc6 10. Bf4 Nbd7 11. Nc3 Nb6 12. Qd3 Nbd5 13. Ne5 Nxf4 14.
gxf4 Bxg2 15. Kxg2 Qd6 16. e3 Rad8 17. Rfd1 c5 18. Qe2 Qc7 19. Rac1 cxd4
20. Nd5 Qd6 21. Nxf6+ Bxf6 22. Rxd4 Qe7 23. Re4 Rd5 24. Nf3 Rfd8 25. Rec4
R5d7 26. b4 e5 27. fxe5 Bxe5 28. Nxe5 Qxe5 29. Qf3 Qe7 30. Re4 Qd6 31. Rcc4
Qb6 32. a5 Qd6 33. Qh3 Qd5 34. Qf3 Qd6 35. Rcd4 Qg6+ 36. Rg4 Qe6 37. Rdf4
Qd6 38. Rf6 Qe7 39. Rb6 Re8 40. h4 Rc8 41. h5 Rcc7 42. Qf5 Qd8 43. Rh6 g6
44. hxg6 fxg6 45. Qe6+ Rf7 46. Qe5 Rg7 47. Rd4 Qf8 48. Qe6+ Rgf7 49. Rh3
Rc6 50. Qa2 Rcf6 51. f4 Qc8 52. Qd2 Kg7 53. Rg3 Rc7 54. Kf3 Rff7 55. Rd6
Rc4 56. Qd5 Rc3 57. Qe5+ Kh6 58. Rg4 Rf5 59. Rh4+ 1-0

[Event "Sparkassen Open A"]
[Site "Dortmund GER"]
[Date "2010.07.22"]
[Round "6"]
[White "Kubo,T"]
[Black "Hecht,C"]
[Result "1/2-1/2"]
[WhiteElo "1992"]
[BlackElo "1773"]
[EventDate "2010.07.17"]

1. d4 Nf6 2. Nf3 g6 3. g3 Bg7 4. Bg2 O-O 5. O-O d6 6. c4 Nc6 7. Nc3 a6 8.
d5 Na5 9. b3 c5 10. dxc6 Nxc6 11. Bb2 Bd7 12. Qc1 Rb8 13. Nd5 Ne4 14. Bxg7
Kxg7 15. Qe3 Nc5 16. Rfc1 Be6 17. Nf4 Bg4 18. h3 Bc8 19. Kh2 Kg8 20. Nd5 a5
21. Qh6 f6 22. Qe3 b6 23. Nd4 Nxd4 24. Qxd4 Bb7 25. Qe3 Kf7 26. Rd1 Bc8 27.
Nc3 Bb7 28. Nb5 Bxg2 29. Kxg2 Qd7 30. Rac1 Qe6 1/2-1/2

[Event "Sparkassen Open A"]
[Site "Dortmund GER"]
[Date "2010.07.22"]
[Round "6"]
[White "Grahl,Matthias"]
[Black "Henkemeier,Mi"]
[Result "1-0"]
[WhiteElo "1776"]
[BlackElo "1922"]
[EventDate "2010.07.17"]

1. e4 c6 2. d4 d5 3. Nc3 dxe4 4. Nxe4 Bf5 5. Ng3 Bg6 6. h4 h6 7. Nf3 Nd7 8.
h5 Bh7 9. Bd3 Bxd3 10. Qxd3 e6 11. Bd2 Ngf6 12. O-O-O Be7 13. Ne4 O-O 14.
Rdg1 Ng4 15. Qe2 Qc7 16. Nh4 Bxh4 17. Qxg4 Bf6 18. Bxh6 Bxd4 19. Bxg7 Bxg7
20. h6 Qe5 21. hxg7 Qxg7 22. Qh4 f5 23. Rh3 Ne5 24. Rg3 Ng4 25. f3 Qd4 26.
Rh1 Kf7 27. Qh7+ Ke8 28. Qg6+ Ke7 29. fxg4 Qxe4 30. Rh7+ Kd6 31. Rd3+ Kc5
32. Qg7 Qe1+ 33. Rd1 Qe3+ 34. Kb1 Rfe8 35. Qxb7 Qe2 36. b4+ 1-0

[Event "Sparkassen Open A"]
[Site "Dortmund GER"]
[Date "2010.07.22"]
[Round "6"]
[White "Gaul,A"]
[Black "Henkemeier,Markus"]
[Result "1-0"]
[WhiteElo "1852"]
[BlackElo "1822"]
[EventDate "2010.07.17"]

1. d4 Nf6 2. Nf3 e6 3. g3 b6 4. Bg2 Bb7 5. O-O Be7 6. c4 O-O 7. Bf4 d6 8.
Qc2 Nh5 9. Ng5 Bxg5 10. Bxb7 Bxf4 11. Bxa8 Bh6 12. Bf3 Nf6 13. Nc3 Nbd7 14.
Rad1 Qe7 15. Bg2 e5 16. e3 Kh8 17. Nb5 Ne8 18. Nxa7 f5 19. Nc6 Qf6 20. dxe5
Nxe5 21. Nxe5 dxe5 22. Qc3 g5 23. f4 gxf4 24. exf4 e4 25. Qxf6+ Nxf6 26.
Bh3 Ne8 27. Rd7 Nd6 28. Rxc7 Bg7 29. Rd1 Ne8 30. Rc8 1-0

[Event "Sparkassen Open A"]
[Site "Dortmund GER"]
[Date "2010.07.22"]
[Round "6"]
[White "Sieberg,R"]
[Black "Lienau,H"]
[Result "1/2-1/2"]
[WhiteElo "1951"]
[BlackElo "1763"]
[EventDate "2010.07.17"]

1. e4 c5 2. c3 g6 3. Nf3 Bg7 4. d4 cxd4 5. cxd4 d5 6. e5 Nc6 7. Be3 Nh6 8.
Bd3 O-O 9. O-O Nf5 10. Nc3 Nxe3 11. fxe3 f6 12. exf6 exf6 13. Qb3 Ne7 14.
e4 Be6 15. Qxb7 Rb8 16. Qxa7 Rxb2 17. Na4 Rb8 18. Nc5 Bf7 19. Qd7 dxe4 20.
Bxe4 f5 21. Bd3 Rb2 22. Rfe1 Nc8 23. Qxd8 Rxd8 24. Ne6 Bxe6 25. Rxe6 Bxd4+
26. Nxd4 Rxd4 27. Bf1 Nd6 28. Re2 Rxe2 29. Bxe2 Ra4 30. Bd1 Ra3 1/2-1/2

[Event "Sparkassen Open A"]
[Site "Dortmund GER"]
[Date "2010.07.23"]
[Round "7"]
[White "Carlstedt,J"]
[Black "Cherniaev,A1"]
[Result "1/2-1/2"]
[WhiteElo "2379"]
[BlackElo "2469"]
[EventDate "2010.07.17"]

1. c4 b6 2. Nc3 Bb7 3. e4 e6 4. g3 h5 5. Bg2 Bb4 6. Nh3 Nf6 7. d3 Bxc3+ 8.
bxc3 d6 9. Bg5 e5 10. f4 Nbd7 11. O-O Qe7 12. Qa4 Kf8 13. Rae1 Qe8 14. d4
Ng4 15. fxe5 dxe5 16. c5 c6 17. Nf2 f6 18. Bh3 Qe6 19. Rd1 Kg8 20. Be3 exd4
21. cxd4 bxc5 22. d5 cxd5 23. Qb3 Ba6 24. Rfe1 Bc4 25. Qb7 Re8 26. exd5 Qf5
27. Nxg4 hxg4 28. Bg2 Kh7 29. d6 Bd3 30. Bf2 Ne5 31. Qd5 c4 32. Bxa7 Nf3+
33. Bxf3 Rxe1+ 34. Rxe1 gxf3 35. Qxf5+ Bxf5 36. Kf2 Rd8 37. Bc5 c3 38. Kxf3
c2 39. g4 Bg6 40. Rc1 Rd7 41. Ba3 Ra7 42. Bb4 Kg8 43. a3 Kf7 44. Ke3 Ke6
45. Kd4 Kd7 46. h4 Kc6 47. h5 Bh7 48. Re1 Rd7 49. Kc3 Kd5 50. Kd2 Be4 51.
Re3 f5 52. gxf5 Bxf5 53. Re7 Rxe7 54. dxe7 Bd7 55. Kxc2 Be8 56. Bc3 Bxh5
57. Bxg7 Kc6 1/2-1/2

[Event "Sparkassen Open A"]
[Site "Dortmund GER"]
[Date "2010.07.23"]
[Round "7"]
[White "Savchenko,Alek"]
[Black "Chilla,J"]
[Result "1-0"]
[WhiteElo "2275"]
[BlackElo "2143"]
[EventDate "2010.07.17"]

1. d4 e6 2. Nf3 f5 3. g3 Nf6 4. Bg2 Be7 5. c4 d6 6. O-O O-O 7. Nc3 Qe8 8.
Qc2 Qh5 9. Re1 Nc6 10. d5 Nb4 11. Qb3 Na6 12. dxe6 Nc5 13. Qc2 Bxe6 14. Nb5
c6 15. Nc7 Rac8 16. Nxe6 Nxe6 17. Rd1 d5 18. Be3 Ng4 19. Bxa7 Ra8 20. Bb6
Ra6 21. cxd5 cxd5 22. Qb3 Rf6 23. Rxd5 Rxb6 24. Qxb6 Nf4 25. Qb5 Nxh2 26.
gxf4 Nxf3+ 27. exf3 Rh6 28. Rxf5 Qh2+ 29. Kf1 Rc6 30. Qd5+ 1-0

[Event "Sparkassen Open A"]
[Site "Dortmund GER"]
[Date "2010.07.23"]
[Round "7"]
[White "Bouaraba,M"]
[Black "Naundorf,M"]
[Result "1/2-1/2"]
[WhiteElo "2224"]
[BlackElo "2127"]
[EventDate "2010.07.17"]

1. d4 Nf6 2. c4 c5 3. Nf3 cxd4 4. Nxd4 Nc6 5. Nc3 g6 6. g3 d6 7. Bg2 Bd7 8.
O-O Bg7 9. b3 O-O 10. Bb2 Qa5 11. Nxc6 Bxc6 12. Bxc6 bxc6 13. Qd3 Rfe8 14.
Rfd1 Rac8 15. Na4 c5 1/2-1/2

[Event "Sparkassen Open A"]
[Site "Dortmund GER"]
[Date "2010.07.23"]
[Round "7"]
[White "Liedtke,D"]
[Black "Thanabalasingam,A"]
[Result "1-0"]
[WhiteElo "2191"]
[BlackElo "1940"]
[EventDate "2010.07.17"]

1. c4 c5 2. Nc3 Nc6 3. g3 g6 4. Bg2 Bg7 5. a3 a6 6. Rb1 Rb8 7. b4 cxb4 8.
axb4 b5 9. cxb5 axb5 10. Nf3 Nf6 11. d4 O-O 12. O-O d6 13. d5 Ne5 14. Nxe5
dxe5 15. e4 Nd7 16. Qb3 Nb6 17. Rd1 Nc4 18. Nxb5 Nd6 19. Na7 Bd7 20. Be3
Kh8 21. Rbc1 f5 22. Nc6 Bxc6 23. dxc6 Qc7 24. Rxd6 exd6 25. Qc4 f4 26. Bd2
Qa7 27. gxf4 exf4 28. c7 Rbc8 29. Bh3 1-0

[Event "Sparkassen Open A"]
[Site "Dortmund GER"]
[Date "2010.07.23"]
[Round "7"]
[White "Tkachuk,K"]
[Black "Strathoff,J"]
[Result "1-0"]
[WhiteElo "2181"]
[BlackElo "2080"]
[EventDate "2010.07.17"]

1. e4 e5 2. Nf3 Nc6 3. Bc4 Nf6 4. d4 exd4 5. e5 d5 6. Bb5 Ne4 7. Nxd4 Bc5
8. Be3 Bd7 9. Bxc6 bxc6 10. O-O Qe7 11. f3 Nd6 12. f4 Nc4 13. Bf2 Nxb2 14.
Qh5 O-O 15. Nd2 Bb6 16. Rae1 c5 17. Bh4 f6 18. exf6 Qf7 19. Qg5 Kh8 20.
fxg7+ Qxg7 21. Qxg7+ Kxg7 22. Ne6+ Bxe6 23. Rxe6 c4+ 24. Kh1 Bd4 25. g4
Rae8 26. Be7 Kg8 27. f5 Rf7 28. Rfe1 Rb8 29. Nf3 Bc3 30. Rf1 Rb6 31. Ba3 h6
32. Re8+ Kh7 33. Ne5 Bxe5 34. Rxe5 Na4 35. Rxd5 Nc3 36. Re5 Ra6 37. Bb2
Nxa2 38. h4 c3 39. Ba1 Nb4 40. Bxc3 Nxc2 41. g5 hxg5 42. hxg5 Kg8 43. Re2
Na3 44. g6 Rf8 45. Rh2 Raf6 1-0